00529nam a2200121Ia 4500008004100000100001500041245010100056245013100157260004900288260000900337650001300346856004800359170221s9999 xx 000 0 und d aDavid Moen aDiffering federal estate tax perceptions: political party affiliation and ideological philosophy cDavid Moen, University of South Dakota; Thomas Davies, University of South Dakota; Angeline Lavin, University of South Dakota. bJournal of Management and Marketing Research c2014 xBusiness uhttp://www.aabri.com/manuscripts/121287.pdf